书目信息 |
| 题名: |
转型期的腐败治理
|
|
| 作者: | 刘杰 著 | |
| 分册: | ||
| 出版信息: | 上海 上海社会科学院出版社 2014.11 |
|
| 页数: | 208页 | |
| 开本: | 24cm | |
| 丛书名: | ||
| 单 册: | ||
| 中图分类: | D523.4 | |
| 科图分类: | ||
| 主题词: | 反腐倡廉--对比研究--世界 , 对比研究 , 世界 | |
| 电子资源: | ||
| ISBN: | 978-7-5520-0708-4 | |
| 000 | 00827nam0 2200265 450 | |
| 001 | 351950 | |
| 005 | 20161017102209.49 | |
| 010 | @a978-7-5520-0708-4@dCNY34.80 | |
| 100 | @a20141203d2014 em y0chiy50 ea | |
| 101 | 0 | @achi |
| 102 | @aCN@b310000 | |
| 105 | @ay z 000yy | |
| 106 | @ar | |
| 200 | 1 | @a转型期的腐败治理@e基于不同国家和地区经验的比较研究@f刘杰等著 |
| 210 | @a上海@c上海社会科学院出版社@d2014.11 | |
| 215 | @a208页@d24cm | |
| 330 | @a本书讨论了西方发达国家和新型工业国家地区在转型时期的腐败状况和治理经验,探讨了转型期腐败的内在动因和治理路径。 | |
| 517 | 1 | @a基于不同国家和地区经验的比较研究 |
| 606 | 0 | @a反腐倡廉@x对比研究@y世界 |
| 606 | 0 | @a对比研究 |
| 606 | 0 | @a世界 |
| 690 | @aD523.4@v5 | |
| 701 | 0 | @a刘杰@f(1965~)@4著 |
| 801 | 0 | @aCN@bTANGWEI@c20161010 |
| 905 | @b0897330-4@dD523.4@e205@f5 | |
| 转型期的腐败治理:基于不同国家和地区经验的比较研究/刘杰等著 .-上海:上海社会科学院出版社,2014.11 |
| 208页;24cm |
| ISBN 978-7-5520-0708-4:CNY34.80 |
| 本书讨论了西方发达国家和新型工业国家地区在转型时期的腐败状况和治理经验,探讨了转型期腐败的内在动因和治理路径。 |
| ● |
| 相关链接 |
|
|
|
|
正题名:转型期的腐败治理
索取号:D523.4/205
 
预约/预借
| 序号 | 登录号 | 条形码 | 馆藏地/架位号 | 状态 | 备注 |
| 1 | 0897330 | 208973306 | 第一样本阅览室/ [索取号:D523.4/205] | 在馆 | |
| 2 | 0897331 | 208973315 | 第一借阅区/ [索取号:D523.4/205] | 在馆 | |
| 3 | 0897332 | 208973324 | 第一借阅区/ [索取号:D523.4/205] | 在馆 | |
| 4 | 0897333 | 208973333 | 第一借阅区/ [索取号:D523.4/205] | 在馆 | |
| 5 | 0897334 | 208973342 | 第一借阅区/ [索取号:D523.4/205] | 在馆 |